[Event "Mataro Vinas Memorial 12th"]
[Site "Mataro"]
[Date "2016.05.14"]
[Round "6"]
[White "Andinach Carrasco, Javier"]
[Black "Estrany Sanfeliu, Roger"]
[Result "0-1"]
[WhiteElo "1882"]
[BlackElo "1936"]
[PlyCount "56"]
[EventDate "2016.04.09"]
[EventType "swiss"]
[EventRounds "9"]
[EventCountry "ESP"]
[SourceTitle "EXT 2017"]
[Source "ChessBase"]
[SourceDate "2016.10.25"]
[SourceVersion "1"]
[SourceVersionDate "2016.10.25"]
[SourceQuality "1"]

1. d4 d5 2. c4 e6 3. Nc3 c6 4. Bf4 f5 5. e3 Nf6 6. Bd3 Be7 7. Nf3 0-0 8. Qc2 Ne4 9. h4 Qa5 10. 0-0 Bd7 11. cxd5 exd5 12. Qb3 Qb6 13. Qc2 Be8 14. Ng5 Nxg5 15. hxg5 g6 16. b4 Qd8 17. b5 Bxg5 18. bxc6 Bxc6 19. Bg3 a6 20. Qb3 Kg7 21. Rab1 f4 22. exf4 Bxf4 23. Bxf4 Rxf4 24. Ne2 Rf8 25. Ng3 Qh4 26. Rbd1 Nd7 27. Qc2 Nf6 28. Be2 Bb5 0-1